Score 0/24 Timer 08:00
0 Plays Today
% Correct
The Jetsons
89.6%
The Yogi Bear Show
87.8%
Sesame Street
87.7%
Looney Tunes
83.3%
Family Feud
78.5%
House M.D.
77.1%
The Dukes of Hazzard
76.7%
Fat Albert and the Cosby Kids
76.4%
Happy Days
75.7%
The Bachelorette
72.3%
G.I. Joe: A Real American Hero
67%
The View
66%
% Correct
The Brady Bunch
64.8%
Bewitched
50.2%
Magnum, P.I.
49%
CHiPs
48.5%
The Joy of Painting
38.8%
Who's the Boss?
37.7%
Jonny Quest
31.9%
I Dream of Jeannie
30.9%
The Mary Tyler Moore Show
30.6%
The Hills
28.4%
Blind Date
27.4%
Dawson's Creek
23.8%
Remove Ads.
Support Sporcle.
Get the best of Sporcle when you Go Orange. This ad-free experience offers more features, more stats, and more fun while also helping to support Sporcle. Thank you for becoming a member.

You're not logged in!

Compare scores with friends on all Sporcle quizzes.
OR
Log In

Show Comments

Extras

Top Quizzes Today


Score Distribution

Your Account Isn't Verified!

In order to create a playlist on Sporcle, you need to verify the email address you used during registration. Go to your Sporcle Settings to finish the process.

Report this User

Report this user for behavior that violates our Community Guidelines.

Details: